| 000 | 00797nam a22001937a 4500 | ||
|---|---|---|---|
| 999 |
_c371422 _d371422 |
||
| 008 | 201127b ||||| |||| 00| 0 eng d | ||
| 040 |
_aDE-2950 _bger _cDE-2950 _erda |
||
| 041 | _ager | ||
| 245 |
_aWertschätzung für Manager der Pandemie. _bInterview: Jens-Marcel Ullrich, Beigeordneter für Jugend, Soziales und Gesundheit der Stadt, im Gespräch über coronabedingte Belastungsgrenzen ... _cInes Weber-Rath |
||
| 264 | _c2022 | ||
| 653 | _aUllrich, Jens-Marcel; Beigeordneter | ||
| 653 | _aStadt Frankfurt (Oder) | ||
| 653 | _aPandemie / Corona | ||
| 773 |
_dFrankfurt (Oder) Märkisches Verlags- und Druckhaus GmbH & Co KG _tMärkische Oderzeitung _g33. Jahrgang (2022) Nr. 34 vom 11.02.2022, S. 15 |
||
| 942 | _cA | ||